Georgian Airways Destinations Quiz Stats

 Plays Quiz not verified by Sporcle

Score 0/11 Timer 07:00
0 Plays Today
Country City % Correct
U.K.London
100%
RussiaMoscow
98.8%
The NetherlandsAmsterdam
97.6%
AustriaVienna
95.2%
IsraelTel-Aviv
92.8%
UkraineKyiv
92.8%
CzechiaPrague
91.6%
RussiaSaint Petersburg
88%
GeorgiaTbilisi
83.1%
ArmeniaYerevan
78.3%
GeorgiaBatumi
56.6%

You're not logged in!

Compare scores with friends on all Sporcle quizzes.
OR
Log In

Sporcle TV

Today on Sporcle TV


Watch our educational content, quiz creation guides, and fun videos on Sporcle TV.

Show Comments

Extras

Top Quizzes Today


Score Distribution

Your Account Isn't Verified!

In order to create a playlist on Sporcle, you need to verify the email address you used during registration. Go to your Sporcle Settings to finish the process.

Report this User

Report this user for behavior that violates our Community Guidelines.

Details: